[Event "POL-ch U18"]
[Site "Wisla"]
[Date "2000.??.??"]
[Round "9"]
[White "Dlugosz, Jedrzej"]
[Black "Rubinowski, Sebastian"]
[Result "1/2-1/2"]
[WhiteElo "2177"]
[BlackElo "2042"]
[PlyCount "93"]
[EventDate "2000.02.26"]
[EventType "swiss"]
[EventRounds "10"]
[EventCountry "POL"]
[SourceTitle "EXT 2005"]
[Source "ChessBase"]
[SourceDate "2004.11.15"]
[SourceVersion "1"]
[SourceVersionDate "2004.11.15"]
[SourceQuality "1"]

1. e4 g6 2. d4 c6 3. Nf3 Bg7 4. h3 d5 5. Nbd2 dxe4 6. Nxe4 Nd7 7. Bc4 Ngf6 8. Neg5 0-0 9. Qe2 Nb6 10. Bb3 e6 11. 0-0 h6 12. Ne4 Nbd5 13. c4 Nxe4 14. Qxe4 Nf6 15. Qh4 Nh5 16. Qe4 Nf6 17. Qe2 b6 18. Bf4 Bb7 19. Rfd1 Re8 20. Rac1 Qe7 21. c5 b5 22. Qe3 Kh7 23. Bd6 Qd8 24. Ne5 Kg8 25. Qf3 Bf8 26. Bxf8 Rxf8 27. Nxc6 Nh5 28. d5 Bxc6 29. dxc6 Qf6 30. Qxf6 Nxf6 31. a4 a6 32. axb5 axb5 33. Ra1 Rxa1 34. Rxa1 Rc8 35. Ra5 Rxc6 36. Rxb5 Nd7 37. Ba4 Rxc5 38. Rxc5 Nxc5 39. Bc2 Na6 40. Kf1 Kf8 41. Ke2 Ke7 42. Kd2 Kd6 43. Kc3 Kc5 44. Ba4 g5 45. Be8 f5 46. Bd7 Nc7 47. Kd3 1/2-1/2

[Event "POL-ch U18"]
[Site "Wisla"]
[Date "2000.??.??"]
[Round "4"]
[White "Rubinowski, Sebastian"]
[Black "Grycel, Kamil"]
[Result "1-0"]
[WhiteElo "2042"]
[BlackElo "2223"]
[PlyCount "87"]
[EventDate "2000.02.26"]
[EventType "swiss"]
[EventRounds "10"]
[EventCountry "POL"]
[SourceTitle "EXT 2005"]
[Source "ChessBase"]
[SourceDate "2004.11.15"]
[SourceVersion "1"]
[SourceVersionDate "2004.11.15"]
[SourceQuality "1"]

1. e4 c6 2. d4 d5 3. Nd2 dxe4 4. Nxe4 Bf5 5. Ng3 Bg6 6. Bc4 e6 7. f4 Nf6 8. Nf3 Nbd7 9. Qe2 Be7 10. c3 Nb6 11. Bb3 a5 12. a4 Nbd5 13. Ne5 Qb6 14. Bc4 c5 15. Bb5+ Kf8 16. c4 Nb4 17. f5 exf5 18. d5 Bd6 19. Bf4 Bxe5 20. Bxe5 f4 21. 0-0 fxg3 22. d6 gxh2+ 23. Bxh2 Kg8 24. Qe7 Qd8 25. Qxb7 Be4 26. Qc7 Qxc7 27. dxc7 h6 28. Rae1 Bb7 29. Re7 Bc8 30. Bd6 Be6 31. Bxc5 Kh7 32. Rd1 Rhc8 33. Bb6 Na6 34. Bc6 Nxc7 35. Bxa8 Nxa8 36. Bxa5 Rxc4 37. Ra7 Rc8 38. Rd8 Rxd8 39. Bxd8 Bd5 40. b4 Be4 41. Bxf6 gxf6 42. a5 Kg6 43. b5 Kf5 44. b6 1-0

[Event "POL-chT 2nd div North"]
[Site "Lublin"]
[Date "1999.??.??"]
[Round "4"]
[White "Lewandowski, Marek"]
[Black "Rubinowski, Sebastian"]
[Result "1/2-1/2"]
[WhiteElo "2290"]
[BlackElo "2035"]
[PlyCount "38"]
[EventDate "1999.09.11"]
[EventType "team-swiss"]
[EventRounds "8"]
[EventCountry "POL"]
[SourceTitle "EXT 2003"]
[Source "ChessBase"]
[SourceDate "2002.11.25"]
[SourceVersion "1"]
[SourceVersionDate "2002.11.25"]
[SourceQuality "1"]
[WhiteTeam "Torun Torfarm 64"]
[BlackTeam "POL-chT 2nd div North 4"]
[WhiteTeamCountry "POL"]
[BlackTeamCountry "POL"]

1. e4 c6 2. d4 d5 3. exd5 cxd5 4. c3 Nc6 5. Bd3 Nf6 6. h3 e6 7. Nf3 Bd6 8. 0-0 h6 9. Be3 a6 10. a4 Qc7 11. Re1 Bd7 12. Nbd2 Na5 13. Ne5 0-0 14. Qf3 Qd8 15. Qg3 Nh5 16. Qf3 Nf6 17. Qg3 Nh5 18. Qg4 Nf6 19. Qg3 Nh5 1/2-1/2

[Event "POL-chT2 U18"]
[Site "Augustow"]
[Date "1996.??.??"]
[Round "?"]
[White "Rubinowski, Sebastian"]
[Black "Schreiber, Lukasz"]
[Result "1/2-1/2"]
[WhiteElo "1800"]
[BlackElo "1800"]
[PlyCount "84"]
[EventDate "1996.??.??"]
[EventType "team-tourn"]
[EventRounds "10"]
[EventCountry "POL"]
[SourceTitle "EXT 2003"]
[Source "ChessBase"]
[SourceDate "2002.11.25"]
[SourceVersion "1"]
[SourceVersionDate "2002.11.25"]
[SourceQuality "1"]

1. e4 d5 2. exd5 Nf6 3. d4 Qxd5 4. Nc3 Qa5 5. Nf3 Bg4 6. h3 Bh5 7. g4 Bg6 8. Ne5 Nbd7 9. Nc4 Qa6 10. Bf4 Qe6+ 11. Be2 0-0-0 12. d5 Nxd5 13. Nxd5 Nf6 14. Qd4 Qxd5 15. Qxd5 Rxd5 16. Ne3 Rd8 17. 0-0 e6 18. Rfd1 Be7 19. c4 Rxd1+ 20. Nxd1 Rd8 21. Nc3 a6 22. a3 h5 23. b4 hxg4 24. hxg4 Bd3 25. f3 Bxe2 26. Nxe2 c5 27. b5 axb5 28. cxb5 Nd5 29. Bg3 Bf6 30. Rc1 b6 31. a4 Kb7 32. a5 Bd4+ 33. Nxd4 cxd4 34. a6+ Ka7 35. Rc6 d3 36. Be1 Rd7 37. Bd2 Rc7 38. Rd6 Rc2 39. Rd7+ Rc7 40. Rd8 g6 41. Rd6 Kb8 42. Rd8+ Ka7 1/2-1/2

[Event "POL-chT2 U18"]
[Site "Augustow"]
[Date "1996.??.??"]
[Round "?"]
[White "Rubinowski, Sebastian"]
[Black "Wojtaszek, Radoslaw"]
[Result "0-1"]
[WhiteElo "1800"]
[BlackElo "2000"]
[PlyCount "92"]
[EventDate "1996.??.??"]
[EventType "team-tourn"]
[EventRounds "10"]
[EventCountry "POL"]
[SourceTitle "EXT 2003"]
[Source "ChessBase"]
[SourceDate "2002.11.25"]
[SourceVersion "1"]
[SourceVersionDate "2002.11.25"]
[SourceQuality "1"]

1. e4 e6 2. d4 d5 3. Nd2 Nf6 4. e5 Nfd7 5. Bd3 c5 6. c3 Nc6 7. Ne2 Qb6 8. Nf3 cxd4 9. cxd4 f6 10. exf6 Nxf6 11. 0-0 Bd6 12. Bf4 Bxf4 13. Nxf4 0-0 14. Re1 Nb4 15. Bb1 Qd6 16. Ne5 Nc6 17. f3 Nd7 18. Qd3 Ndxe5 19. Qxh7+ Kf7 20. dxe5 Qc5+ 21. Kh1 Rg8 22. Bg6+ Kf8 23. Bh5 Ne7 24. Rac1 Qb4 25. Ng6+ Nxg6 26. Qxg6 Qe7 27. Rc7 Bd7 28. Qg4 g5 29. Rec1 Kg7 30. f4 Kh6 31. R1c3 Raf8 32. Rh3 Rxf4 33. Be8+ Kg7 34. Qxf4 gxf4 35. Rxd7 Rxe8 36. Rxe7+ Rxe7 37. Rc3 Kg6 38. g4 fxg3 39. hxg3 Kf5 40. Re3 Rc7 41. Re2 d4 42. Kg1 d3 43. Rd2 Ke4 44. Kf2 Rc2 45. Ke1 Ke3 46. Rd1 Rh2 0-1